[Event "Oskarja Memorial 10th"]
[Site "Chess.com INT"]
[Date "2021.01.16"]
[Round "13"]
[White "Bacic, Domagoj"]
[Black "Mikacinic, Jelenko"]
[Result "1-0"]
[WhiteElo "1758"]
[BlackElo "1859"]
[PlyCount "69"]
[EventDate "2021.01.16"]
[EventType "swiss (blitz)"]
[EventRounds "15"]
[EventCountry "SLO"]
[SourceTitle "CBM 200 Extra"]
[Source "ChessBase"]
[SourceDate "2021.03.31"]
[SourceVersion "1"]
[SourceVersionDate "2021.03.31"]
[SourceQuality "1"]

1. c4 e6 2. Nc3 Nf6 3. d4 d5 4. Nf3 g6 5. g3 Bg7 6. Bg2 b6 7. cxd5 exd5 8. 0-0 Bb7 9. Ne5 0-0 10. Bg5 Qc8 11. Bxf6 Bxf6 12. Bxd5 Bxd5 13. Nxd5 Bxe5 14. dxe5 Rd8 15. Qb3 Re8 16. Nf6+ Kg7 17. Nxe8+ Qxe8 18. f4 c5 19. Qd5 Nd7 20. Rad1 Nf8 21. e4 Ne6 22. b4 cxb4 23. f5 gxf5 24. exf5 Nc5 25. Rf4 h5 26. Rxb4 Rc8 27. Qd6 Rc6 28. Qd4 Kh7 29. Qh4 Kh6 30. Qf4+ Kh7 31. Rbd4 Qe7 32. Rd6 Rxd6 33. Rxd6 h4 34. Qh6+ Kg8 35. f6 1-0

[Event "Oskarja Memorial 10th"]
[Site "Chess.com INT"]
[Date "2021.01.16"]
[Round "5"]
[White "Mikacinic, Jelenko"]
[Black "Nikolic, Boban"]
[Result "1/2-1/2"]
[WhiteElo "1859"]
[BlackElo "2200"]
[PlyCount "121"]
[EventDate "2021.01.16"]
[EventType "swiss (blitz)"]
[EventRounds "15"]
[EventCountry "SLO"]
[SourceTitle "CBM 200 Extra"]
[Source "ChessBase"]
[SourceDate "2021.03.31"]
[SourceVersion "1"]
[SourceVersionDate "2021.03.31"]
[SourceQuality "1"]

1. c4 e6 2. Nc3 d5 3. cxd5 exd5 4. d4 c6 5. g3 Nf6 6. Bg2 Bd6 7. Nf3 0-0 8. 0-0 Re8 9. a3 Bg4 10. b4 a6 11. Na4 Nbd7 12. Nc5 Rb8 13. Bg5 Qc7 14. Rc1 h6 15. Bxf6 Nxf6 16. Nd3 Ne4 17. Nfe5 Bf5 18. f3 Nf6 19. f4 Be4 20. e3 Bxg2 21. Kxg2 Re7 22. Rf3 Rbe8 23. h3 Ne4 24. Nc5 Bxe5 25. dxe5 f6 26. exf6 Nxf6 27. Qd4 Qb6 28. g4 a5 29. f5 axb4 30. axb4 Ne4 31. Rc2 Nxc5 32. bxc5 Qb3 33. Re2 Re4 34. Qa1 Rxe3 35. Rexe3 Rxe3 36. Qa8+ Kh7 37. Rxe3 Qxe3 38. Qxb7 Qxc5 39. Qf7 Qc2+ 40. Kg3 Qc3+ 41. Kg2 Qf6 42. Qd7 Qb2+ 43. Kg3 Qb3+ 44. Kg2 Qc2+ 45. Kg3 Qd3+ 46. Kg2 Qe2+ 47. Kg3 Qe3+ 48. Kg2 Qe4+ 49. Kg3 d4 50. Qf7 Qe5+ 51. Kg2 Qd5+ 52. Qxd5 cxd5 53. Kf2 g6 54. fxg6+ Kxg6 55. h4 Kf6 56. Ke2 Ke5 57. Kd3 Kf4 58. g5 hxg5 59. hxg5 Kxg5 60. Kxd4 Kf5 61. Kxd5 1/2-1/2